[Event "Warsaw Superbet Blitz"]
[Site "Warsaw"]
[Date "2024.05.12"]
[Round "12"]
[White "Abdusattorov, Nodirbek"]
[Black "Carlsen, Magnus"]
[Result "0-1"]
[WhiteElo "2766"]
[BlackElo "2830"]
[PlyCount "85"]
[EventDate "2024.05.11"]
[EventType "tourn (blitz)"]
[EventRounds "18"]
[EventCountry "POL"]
[EventCategory "20"]
[SourceTitle "CB20_2024"]
[SourceDate "2024.05.16"]
[SourceVersion "1"]
[SourceVersionDate "2024.05.16"]
[SourceQuality "1"]

1. c4 g6 2. e4 Bg7 3. Nf3 e5 4. g3 c5 5. Bg2 Nc6 6. Nc3 Nge7 7. h4 d6 8. h5 Bg4 9. h6 Bf6 10. d3 Qd7 11. Be3 Nd4 12. Bxd4 cxd4 13. Ne2 Nc6 14. Nh2 Be6 15. Qd2 Qe7 16. f4 exf4 17. gxf4 Bh4+ 18. Kd1 a5 19. Nf3 Bf2 20. Bh3 Be3 21. Qe1 0-0 22. Qh4 Qxh4 23. Nxh4 Nb4 24. f5 Bc8 25. Nc1 Bxh6 26. a3 Nc6 27. Ne2 Bg5 28. Nf3 Be3 29. Kc2 a4 30. Rh2 Ra5 31. Rah1 h5 32. Rg2 Kg7 33. Ng3 Kf6 34. Rf1 Ke7 35. Rh1 b5 36. fxg6 fxg6 37. Bxc8 Rxc8 38. Ne2 Rf8 39. Nh4 Ne5 40. c5 Rf6 41. cxd6+ Kxd6 42. Kb1 Ra8 43. Ka2 0-1

[Event "Warsaw Superbet Blitz"]
[Site "Warsaw"]
[Date "2024.05.11"]
[Round "3"]
[White "Carlsen, Magnus"]
[Black "Abdusattorov, Nodirbek"]
[Result "0-1"]
[WhiteElo "2830"]
[BlackElo "2766"]
[PlyCount "102"]
[EventDate "2024.05.11"]
[EventType "tourn (blitz)"]
[EventRounds "18"]
[EventCountry "POL"]
[EventCategory "20"]
[SourceTitle "CB20_2024"]
[SourceDate "2024.05.16"]
[SourceVersion "1"]
[SourceVersionDate "2024.05.16"]
[SourceQuality "1"]

1. e4 d5 2. exd5 Qxd5 3. Nc3 Qd6 4. d4 Nf6 5. Nf3 Nc6 6. Nb5 Qd8 7. Be2 a6 8. Na3 Bg4 9. Nc4 e6 10. 0-0 Be7 11. c3 0-0 12. h3 Bh5 13. Bf4 Nd5 14. Bg3 b5 15. Ncd2 Bd6 16. Ne4 Bxg3 17. Nxg3 Bg6 18. Qd2 Qd6 19. a4 Na5 20. Qd1 b4 21. c4 Nf4 22. Re1 c5 23. Bf1 Rfd8 24. Ne4 Bxe4 25. Rxe4 cxd4 26. g3 Ng6 27. Rxd4 Qc7 28. c5 Rxd4 29. Qxd4 Nb3 30. Qe4 Rb8 31. Rd1 Nxc5 32. Qc4 Qb6 33. b3 h6 34. Rc1 Rc8 35. Qd4 a5 36. h4 Ne7 37. Ne5 Nf5 38. Qc4 Rc7 39. Qb5 Qd6 40. Qe8+ Kh7 41. Nxf7 Qd4 42. h5 g6 43. hxg6+ Kxg6 44. Ne5+ Kf6 45. Re1 Ne4 46. Ng4+ Kg7 47. Qxe6 Nexg3 48. Ne5 Nxf1 49. Qg6+ Kf8 50. Qf6+ Kg8 51. Qg6+ Rg7 0-1

[Event "Warsaw Superbet Rapid"]
[Site "Warsaw"]
[Date "2024.05.09"]
[Round "6"]
[White "Gukesh, Dommaraju"]
[Black "Carlsen, Magnus"]
[Result "1/2-1/2"]
[WhiteElo "2764"]
[BlackElo "2830"]
[PlyCount "78"]
[EventDate "2024.05.08"]
[EventType "tourn (rapid)"]
[EventRounds "9"]
[EventCountry "POL"]
[EventCategory "20"]
[SourceTitle "CB20_2024"]
[SourceDate "2024.05.16"]
[SourceVersion "1"]
[SourceVersionDate "2024.05.16"]
[SourceQuality "1"]

1. e4 e5 2. Nf3 Nc6 3. Bc4 Nf6 4. Ng5 d5 5. exd5 b5 6. Bf1 Nxd5 7. Bxb5 Bb7 8. d4 exd4 9. 0-0 Be7 10. Nf3 0-0 11. Bxc6 Bxc6 12. Nxd4 Bb7 13. Nd2 Re8 14. c3 c5 15. Nf5 Bf8 16. Nf3 Qf6 17. Ng3 h6 18. Qc2 Rad8 19. Rd1 Nb6 20. Rxd8 Rxd8 21. Ne1 Re8 22. Be3 Nc4 23. Nf1 Nxe3 24. Nxe3 c4 25. Qa4 Rxe3 26. fxe3 Bc5 27. Nf3 Bxe3+ 28. Kf1 Bc6 29. Qd1 Be4 30. Qd7 Kh7 31. Ke2 Bb6 32. Re1 Qg6 33. Kd1 Qxg2 34. Rxe4 Qxf3+ 35. Re2 Be3 36. b3 Qf1+ 37. Re1 Qf3+ 38. Re2 Qf1+ 39. Re1 Qf3+ 1/2-1/2

[Event "Titled Tuesday intern op 02nd Apr Early"]
[Site "Chess.com INT"]
[Date "2024.04.02"]
[Round "8"]
[White "Bjerre, Jonas Buhl"]
[Black "Carlsen, Magnus"]
[Result "0-1"]
[WhiteElo "2646"]
[BlackElo "2830"]
[PlyCount "94"]
[EventDate "2024.04.02"]
[EventType "swiss (blitz)"]
[EventRounds "11"]
[EventCountry "USA"]
[SourceTitle "CB15_2024"]
[SourceDate "2024.04.10"]
[SourceVersion "1"]
[SourceVersionDate "2024.04.10"]
[SourceQuality "1"]

1. e4 c5 2. Nf3 e6 3. g3 b6 4. Bg2 Bb7 5. Nc3 Nf6 6. e5 Nd5 7. 0-0 Be7 8. Re1 0-0 9. Nxd5 Bxd5 10. d3 Nc6 11. Bf4 d6 12. c4 Bxf3 13. Bxf3 Rc8 14. Bxc6 Rxc6 15. Qa4 Qd7 16. Rad1 dxe5 17. Bxe5 f6 18. Bc3 Rd8 19. d4 Rd6 20. Qxd7 R8xd7 21. d5 exd5 22. Rxd5 Rxd5 23. cxd5 Kf7 24. Rd1 b5 25. b3 Bd6 26. Kf1 Be5 27. Bxe5 fxe5 28. Ke2 Ke7 29. Ke3 Kd6 30. Ke4 Rc7 31. Rc1 c4 32. Rc3 g5 33. f3 a5 34. h4 gxh4 35. gxh4 cxb3 36. Rxb3 Rc4+ 37. Ke3 b4 38. a3 Rxh4 39. axb4 Rxb4 40. Rc3 h5 41. Rc8 Kxd5 42. Rd8+ Kc4 43. Re8 Rb5 44. Rh8 a4 45. Rxh5 a3 46. Kd2 a2 47. Rh1 Rb1 0-1

[Event "Titled Tuesday intern op 02nd Apr Early"]
[Site "Chess.com INT"]
[Date "2024.04.02"]
[Round "6"]
[White "Henriquez Villagra, Cristobal"]
[Black "Carlsen, Magnus"]
[Result "0-1"]
[WhiteElo "2588"]
[BlackElo "2830"]
[PlyCount "48"]
[EventDate "2024.04.02"]
[EventType "swiss (blitz)"]
[EventRounds "11"]
[EventCountry "USA"]
[SourceTitle "CB15_2024"]
[SourceDate "2024.04.10"]
[SourceVersion "1"]
[SourceVersionDate "2024.04.10"]
[SourceQuality "1"]

1. g3 h5 2. Nf3 h4 3. Nxh4 e5 4. d4 exd4 5. c3 d5 6. cxd4 Rxh4 7. gxh4 Qxh4 8. Qd3 Nc6 9. Nc3 Nf6 10. Be3 Nb4 11. Qd2 Bf5 12. Rc1 Ne4 13. Qd1 0-0-0 14. Qb3 Nc6 15. Bg2 Bb4 16. a3 Bxc3+ 17. bxc3 Na5 18. Qa4 Nc4 19. Bxe4 Bxe4 20. Rg1 Nxe3 21. Qxa7 Ng2+ 22. Rxg2 Bxg2 23. Qa8+ Kd7 24. Qxb7 Qxh2 0-1

[Event "Titled Tuesday intern op 02nd Apr Early"]
[Site "Chess.com INT"]
[Date "2024.04.02"]
[Round "2"]
[White "Skatchkov, Valery"]
[Black "Carlsen, Magnus"]
[Result "0-1"]
[WhiteElo "2201"]
[BlackElo "2830"]
[PlyCount "66"]
[EventDate "2024.04.02"]
[EventType "swiss (blitz)"]
[EventRounds "11"]
[EventCountry "USA"]
[SourceTitle "CB15_2024"]
[SourceDate "2024.04.10"]
[SourceVersion "1"]
[SourceVersionDate "2024.04.10"]
[SourceQuality "1"]

1. d4 d5 2. c4 e6 3. Nf3 Nf6 4. g3 c5 5. cxd5 cxd4 6. Bg2 Bb4+ 7. Bd2 Bc5 8. Nxd4 exd5 9. Nb3 Bb6 10. Nc3 h6 11. 0-0 0-0 12. Na4 Nc6 13. Nxb6 axb6 14. Be3 Re8 15. Nd4 Ng4 16. Bf4 Nxd4 17. Qxd4 Rxe2 18. Bf3 Rc2 19. Qd1 Nxh2 20. Kxh2 Rxb2 21. Qxd5 Be6 22. Qxb7 Raxa2 23. Rxa2 Rxa2 24. Bc7 Qf6 25. Bxb6 Rb2 26. Qa8+ Kh7 27. Be3 Bf5 28. Be4 Qe5 29. Bxf5+ Qxf5 30. Kg2 Rb1 31. Rxb1 Qxb1 32. Qd5 f6 33. Kf3 Qh1+ 0-1

[Event "Karlsruhe Grenke"]
[Site "Karlsruhe"]
[Date "2024.03.28"]
[Round "5"]
[White "Keymer, Vincent"]
[Black "Carlsen, Magnus"]
[Result "0-1"]
[WhiteElo "2738"]
[BlackElo "2830"]
[PlyCount "132"]
[EventDate "2024.03.26"]
[EventType "tourn"]
[EventRounds "10"]
[EventCountry "GER"]
[EventCategory "20"]
[SourceTitle "CB14_2024"]
[SourceDate "2024.04.01"]
[SourceVersion "1"]
[SourceVersionDate "2024.04.01"]
[SourceQuality "1"]

1. d4 Nf6 2. c4 e6 3. Nc3 c5 4. d5 exd5 5. cxd5 d6 6. Nf3 g6 7. Bf4 Bg7 8. Qa4+ Bd7 9. Qb3 b5 10. Bxd6 Qb6 11. Be5 0-0 12. e3 c4 13. Qd1 b4 14. Nb1 Bb5 15. a4 Ba6 16. Nbd2 Rc8 17. Rc1 c3 18. bxc3 Bxf1 19. Kxf1 Nbd7 20. Bxf6 Nxf6 21. cxb4 Qa6+ 22. b5 Rxc1 23. Qxc1 Qxa4 24. g3 Qxb5+ 25. Kg2 Qxd5 26. Qc4 a5 27. Ra1 Qxc4 28. Nxc4 a4 29. Nb6 Nd5 30. Rxa4 Nxb6 31. Rb4 Nd5 32. Rb7 h6 33. Rd7 Nc3 34. Rd2 Bf6 35. h4 Ra2 36. Rxa2 Nxa2 37. Ne1 Nb4 38. Nf3 Bc3 39. Ng1 Kg7 40. Kf3 Kf6 41. Ne2 Be5 42. Ng1 Ke6 43. Ne2 Kd5 44. Ng1 Nd3 45. Ke2 Nc1+ 46. Kd2 Na2 47. Kd3 Nc3 48. Nf3 Ne4 49. Ke2 Bg7 50. Ne1 Kc4 51. Kf3 Nc3 52. Kg2 Nd5 53. Kf1 Bc3 54. Nf3 Kd3 55. Ng1 Nf6 56. Nh3 Be5 57. Ng1 Ne4 58. Kg2 f5 59. Nh3 g5 60. hxg5 hxg5 61. f4 g4 62. fxe5 gxh3+ 63. Kxh3 Ng5+ 64. Kh4 Nf3+ 65. Kh5 Nxe5 66. Kg5 Ke4 0-1

[Event "Chessable Masters Div 1 Win"]
[Site "Chess.com INT"]
[Date "2024.02.04"]
[Round "3.1"]
[White "Carlsen, Magnus"]
[Black "Lazavik, Denis"]
[Result "1-0"]
[WhiteElo "2830"]
[BlackElo "2567"]
[PlyCount "97"]
[EventDate "2024.02.02"]
[EventType "k.o. (rapid)"]
[EventRounds "5"]
[EventCountry "USA"]
[SourceTitle "CB06_2024"]
[SourceDate "2024.02.07"]
[SourceVersion "1"]
[SourceVersionDate "2024.02.07"]
[SourceQuality "1"]

1. c4 Nf6 2. Nc3 e5 3. d3 d5 4. cxd5 Nxd5 5. g3 Nc6 6. Bg2 Be6 7. Nf3 Be7 8. 0-0 0-0 9. Bd2 Qd7 10. Ng5 Bxg5 11. Bxg5 f6 12. Bd2 Rfd8 13. Rc1 a5 14. Qa4 Nxc3 15. bxc3 Bd5 16. f3 Ne7 17. Qxd7 Rxd7 18. c4 Bc6 19. Bh3 Rdd8 20. Bc3 Kf7 21. Rb1 b6 22. Rfc1 h5 23. f4 e4 24. d4 Bd7 25. Bg2 Bf5 26. h3 Re8 27. e3 Rad8 28. Kf2 Nc8 29. c5 Be6 30. Rb2 Bd5 31. Bf1 Be6 32. Be1 Re7 33. a3 Red7 34. Bb5 Re7 35. Kg2 Kg6 36. Be2 Rh8 37. g4 hxg4 38. hxg4 f5 39. cxb6 cxb6 40. Rc6 Kf7 41. gxf5 Bxf5 42. Bc4+ Ke8 43. d5 Bd7 44. Rcxb6 Nxb6 45. Rxb6 Bc8 46. Rb8 Kd7 47. Bxa5 Kd6 48. Bb4+ Kc7 49. Rxc8+ 1-0

[Event "Wch Blitz"]
[Site "Samarkand"]
[Date "2023.12.30"]
[Round "16"]
[White "Indjic, Aleksandar"]
[Black "Carlsen, Magnus"]
[Result "0-1"]
[WhiteElo "2589"]
[BlackElo "2830"]
[PlyCount "68"]
[EventDate "2023.12.29"]
[EventType "swiss (blitz)"]
[EventRounds "21"]
[EventCountry "UZB"]
[SourceTitle "CB01_2024"]
[SourceDate "2024.01.03"]
[SourceVersion "1"]
[SourceVersionDate "2024.01.03"]
[SourceQuality "1"]

1. d4 Nf6 2. c4 e6 3. Nc3 Bb4 4. e3 d5 5. a3 Be7 6. Nf3 0-0 7. b4 b6 8. cxd5 exd5 9. Bb2 a6 10. Bd3 Bd6 11. Ne5 c5 12. bxc5 bxc5 13. 0-0 c4 14. Bc2 Nbd7 15. f4 Rb8 16. Ra2 Nb6 17. Ba1 Qe7 18. e4 Bb7 19. exd5 Nbxd5 20. Qe1 Bxa3 21. Qh4 Ne3 22. Re1 Nxc2 23. Rxc2 Qe6 24. Qf2 Qf5 25. h3 h5 26. Kh2 Bb4 27. Rb1 Bxc3 28. Bxc3 Ne4 29. Qf1 Nxc3 30. Rxc3 Bxg2 31. Kxg2 Rxb1 32. Qxc4 Qxf4 33. Rf3 Rb2+ 34. Kf1 Qd2 0-1